000 00749nac a22001931u 4500
008 120115s2007 uk|||||r|||| 00| 0 eng d
020 _a9781859649152
082 _a371.30281
_bMAN
_222
100 _aManning, Anthony
_928337
245 _akey foundation skills/
_cAnthony Manning with Lucy Norris
_pCourse book
_nModule 1
260 _aLondon:
_bGarnet pub.,2007
_c2007
300 _a26p.:
_bcol. ill.;
_c26 cm.
440 _aUniversity foundation study
_928338
650 _aStudy skills
_928339
650 _aLife skills
_928340
700 _aNorris, Lucy
_928341
942 _cNB
_k371.30281M2832
_2ddc
999 _c4845
_d4845